[Event "DEN-ch Kort 1-3"]
[Site "Svendborg"]
[Date "2019.04.15"]
[Round "4"]
[White "Moller, Andre Friis"]
[Black "Ringsmose, Christian"]
[Result "0-1"]
[WhiteElo "1474"]
[BlackElo "1513"]
[PlyCount "94"]
[EventDate "2019.04.13"]
[EventType "swiss"]
[EventRounds "5"]
[EventCountry "DEN"]
[SourceTitle "EXT 2023"]
[Source "ChessBase"]
[SourceDate "2022.10.05"]
[SourceVersion "1"]
[SourceVersionDate "2022.10.05"]
[SourceQuality "1"]

1. e4 e5 2. d4 exd4 3. Bc4 Bc5 4. c3 Nc6 5. Nf3 Qe7 6. 0-0 d6 7. cxd4 Bb6 8. Nc3 Bg4 9. Nd5 Bxf3 10. gxf3 Qd7 11. Nxb6 axb6 12. Bb5 Ra5 13. a4 Nge7 14. b4 Ra8 15. d5 Qh3 16. dxc6 bxc6 17. Be2 0-0 18. Kh1 f5 19. Rg1 fxe4 20. Rg3 Qe6 21. fxe4 Qxe4+ 22. Bf3 Qxb4 23. Bd2 Qc5 24. Be3 Qf5 25. Bg4 Qd5+ 26. Qxd5+ Nxd5 27. Be6+ Kh8 28. Bd4 Nf6 29. Rag1 g6 30. Rf3 Kg7 31. Rg4 Rxa4 32. Bxf6+ Rxf6 33. Rxf6 Ra1+ 34. Kg2 Kxf6 35. Bd7 Rc1 36. Rh4 b5 37. Rxh7 b4 38. Rh3 Rc3 39. Rh4 c5 40. Bb5 b3 41. Rc4 Rxc4 42. Bxc4 b2 43. Bd3 c4 44. Bc2 d5 45. Kf3 d4 46. Ke4 d3 47. Bb1 d2 0-1

[Event "DEN-ch Kort 1-3"]
[Site "Svendborg"]
[Date "2019.04.15"]
[Round "5"]
[White "Radovic, Slobodan"]
[Black "Moller, Andre Friis"]
[Result "0-1"]
[WhiteElo "1552"]
[BlackElo "1474"]
[PlyCount "54"]
[EventDate "2019.04.13"]
[EventType "swiss"]
[EventRounds "5"]
[EventCountry "DEN"]
[SourceTitle "EXT 2023"]
[Source "ChessBase"]
[SourceDate "2022.10.05"]
[SourceVersion "1"]
[SourceVersionDate "2022.10.05"]
[SourceQuality "1"]

1. Nf3 Nf6 2. c4 g6 3. g3 Bg7 4. Bg2 c6 5. Nc3 0-0 6. 0-0 d5 7. cxd5 Nxd5 8. d4 Re8 9. e4 Nxc3 10. bxc3 Bg4 11. Be3 Nd7 12. Qd2 Nf6 13. Ne5 Be6 14. Nxc6 bxc6 15. e5 Nd5 16. c4 Nxe3 17. Qxe3 Bxc4 18. Rfc1 Bd5 19. Rc5 Bxg2 20. Kxg2 Qd7 21. Rac1 Red8 22. R1c4 Rac8 23. Ra4 e6 24. Rca5 Rc7 25. Qa3 Bf8 26. Qe3 c5 27. Rc4 Qd5+ 0-1

[Event "DEN-ch Kort 1-3"]
[Site "Svendborg"]
[Date "2019.04.14"]
[Round "2"]
[White "Moller, Andre Friis"]
[Black "Sorensen, Bernhard"]
[Result "1/2-1/2"]
[WhiteElo "1474"]
[BlackElo "1551"]
[PlyCount "47"]
[EventDate "2019.04.13"]
[EventType "swiss"]
[EventRounds "5"]
[EventCountry "DEN"]
[SourceTitle "EXT 2023"]
[Source "ChessBase"]
[SourceDate "2022.10.05"]
[SourceVersion "1"]
[SourceVersionDate "2022.10.05"]
[SourceQuality "1"]

1. e4 g6 2. d4 Bg7 3. Nf3 d6 4. Bc4 e6 5. 0-0 a6 6. Re1 b5 7. Bb3 Nd7 8. c3 Bb7 9. Bf4 Ngf6 10. e5 dxe5 11. dxe5 Nd5 12. Bg5 Ne7 13. Nbd2 h6 14. Bh4 g5 15. Bg3 Nf5 16. Qc2 Nxg3 17. hxg3 g4 18. Nd4 c5 19. Nxe6 fxe6 20. Qg6+ Kf8 21. Bxe6 Qe7 22. Qxg4 Nxe5 23. Qf5+ Nf7 24. Bd5 1/2-1/2